000 03165nam0a2200469 4500
001 RU\NLR\bibl\1501462
005 20250616020107.0
010 _a978-5-222-16745-8
_93000
021 _aRU
_b2010-16949
_91133
021 _aRU
_b2010-62030
_94065
021 _aRU
_b2013-48129
_93336
035 _a(nilc)IZD\PHOENIX\2007\О0054593
035 _a(NLR Aleph) 001492917
090 _a1772959
_c1772959
100 _a20100528d2010 |||y0rusy50 ca
101 0 _arus
102 _aRU
105 _ay |||||||||
200 1 _aУпражнения и диктанты по русскому языку
_e2 класс
_e[учебное пособие]
_fГ.Н. Сычева
210 _aРостов-на-Дону
_cФеникс
_d2010
215 _a187 с.
_d21
225 1 _aСерия "Библиотека учителя"
330 _aУчебное пособие соответствует образовательным стандартам обучения русскому языку в начальной школе с элементами углубления и расширения проходимого материала. Сборник включает задания и тексты для усвоения основных грамматических понятий учащимися 2-го класса. В сборнике представлены грамматические задания к урокам по всем темам: тексты диктантов с грамматическими заданиями; тексты для контрольного списывания; словарные диктанты; тексты для выборочных диктантов; задания на повторение в конце года; тестовые работы. Сборник предназначен для учащихся и учителей начальной школы, а также для родителей, которые хотят помочь своим детям в освоении очень интересного предмета - русского языка
606 1 _aРусский язык
_jУчебные издания для начальной школы
_91533567
_3RU\NLR\auth\66969347
606 1 _aРусский язык
_xДиктанты
_xМетодика
_xНачальная школа
_91533232
_3RU\NLR\auth\66969170
610 0 _aРусский язык
610 0 _aПреподавание
610 0 _aМетодика
610 0 _aНачальная школа
686 _a04301
_aМетодика преподавания русского языка. 1-4 кл.
_2TCC-BG
686 _a74.268.12
_vLBC/RL
_2rubbk
686 _aШ141.12-922.1[2]
686 _aЧ426.131(2)53-254.11,01
700 1 _4070
_7ca
_8rus
_aСычёва
_bГ. Н.
_gГалина Николаевна
_9176450
_3RU\NLR\AUTH\770176501
801 0 _aRU
_bЛИБНЕТ
_c20100528
_gRCR
801 1 _aRU
_bЛИБНЕТ
_c20100528
801 2 _aRU
_bДонская ГПБ
_c20100618
801 2 _aRU
_bNLR
_c20100419
_grcr
830 _aавт. по кн.
942 _cBOOK
980 _aNB